The poetry of Shakespeare's plays

Guardado en:
Bibliografiske detaljer
Hovedforfatter: Halliday, F. E.
Format: Bog
Sprog:Undetermined
Udgivet: New York, Estados Unidos Barnes & Noble 1964
Fag:
Tags: Tilføj Tag
Ingen Tags, Vær først til at tagge denne postø!

MARC

LEADER 00000nam a2200000Ia 4500
008 170316s9999 xx 000 0 und d
040 |a cru BVZT 
090 |a C-820 H-1p 
100 |a Halliday, F. E. 
245 4 |a The poetry of Shakespeare's plays 
260 |a New York, Estados Unidos 
260 |b Barnes & Noble 
260 |c 1964 
300 |a 194 páginas 
650 |a LITERATURA INGLESA 
650 |a CRÍTICA 
999 |c 12902  |d 12902 
942 |c 15 D  |h C-820 H-1p  |2 z